Commune de la Ville nouvelle de Sénart - Statistiques

Statistiques générales
  • Ce quiz a été pris 21 fois
  • Le résultat moyen est 6 sur 10
Statistiques - réponses
Commune % Correct
Moissy-Cramayel
81%
Cesson
75%
Lieusaint
69%
Combs la Ville
63%
Savigny-Le-Temple
56%
Tigery
56%
Nandy
50%
Réau
50%
Saint-Pierre-du-Perray
44%
Vert-Saint-Denis
44%
Aucun quiz correspondant
Distribution des résultats
% des personnes avec chaque résultat
Percentile par nombre de réponses
Votre historique - résultats
Vous n’avez pas pris ce quiz